000
00293nam a22001337a 4500
008
171014b xxu||||| |||| 00| 0 eng d
020
_a
9780446670081
041
_a
eng
080
_a
331
100
_a
52
101
_a
PUN
245
_a
FLIGHT OF THE BUFFALO
_c
BELASCO, J.A
942
_2
udc
_c
BK
999
_c
33933
_d
33933